00736nam a22002052 4500001001100000005001700011008004100028020001700069040001500086245007700101250001300178260003000191300001800221650006200239650005900301650006200360650007000422700003500492852000300527000001920220151217152148.0101021s xx 000 0 eng d a0132106744 : aKABUcKABU10aGovernmental and nonprofit accounting /cRobert J. Freeman ... [et al.]. a9th ed. aBoston :bPearson,c2011. axxix, 849 p. 0aMinicipal financexAccountingzUnited States.@0000178834 0aLocal financexAccounting.zUnited States.@0000178835 0aFinance, Public.xAccounting.zUnited States.@0000178836 0aNonprofit organizations.xAccounting.yUnited States.@00001788371 aFreeman, Robert J.@00001788381